Názory domácností na jejich příjmovou situaci a možnosti uspokojovaní některých sociálních a kulturních potřeb

Hodnotenie príjmovej situácie jednotlivých domácností podľa sociálnych skupín. Štruktúra počtu osôb v rámci jednotlivých druhov domácností podľa sociálnych skupín. Zmeny v príjmovej situácii v rámci vybraných druhov domácností podľa spoločenskej skupiny. Štruktúra príjmovej situácie domácností podľa...

Descripción completa

Guardado en:
Detalles Bibliográficos
Autor principal: Mejstřík, Bohuslav
Formato: Capítulo de libro
Lenguaje:checo
Materias:
Etiquetas: Agregar Etiqueta
Sin Etiquetas, Sea el primero en etiquetar este registro!

MARC

LEADER 00000naa a2200000 4500
001 r033472
005 20230925110632.3
041 0 |a cze 
044 |a CZ 
245 1 0 |a Názory domácností na jejich příjmovou situaci a možnosti uspokojovaní některých sociálních a kulturních potřeb  |c Bohuslav Mejstřík 
520 |a Hodnotenie príjmovej situácie jednotlivých domácností podľa sociálnych skupín. Štruktúra počtu osôb v rámci jednotlivých druhov domácností podľa sociálnych skupín. Zmeny v príjmovej situácii v rámci vybraných druhov domácností podľa spoločenskej skupiny. Štruktúra príjmovej situácie domácností podľa krajov. Schopnosti uspokojovať potreby domácností, rok 1997. 
610 2 0 |a štatistika 
610 2 0 |a situácia sociálna 
610 2 0 |a príjmy obyvateľstva 
610 2 0 |a príjmy rodinné 
610 2 0 |a domácnosti 
610 2 0 |a potreby pre domácnosť 
610 2 0 |a potreby sociálne 
610 2 0 |a Česko 
610 2 0 |a 1997 
100 1 |a Mejstřík, Bohuslav